|
|
|
|
| LEADER |
02136nam a2200625 i 4500 |
| 001 |
nkc20183022944 |
| 003 |
CZ PrNK |
| 005 |
20181019104221.0 |
| 007 |
ta |
| 008 |
180830s2018 xr e 000 facze |
| 015 |
|
|
|a cnb003022944
|
| 020 |
|
|
|a 978-80-7597-134-0
|q (vázáno)
|
| 035 |
|
|
|a (OCoLC)1065754848
|
| 040 |
|
|
|a OLA001
|b cze
|e rda
|
| 041 |
1 |
|
|a cze
|h eng
|
| 043 |
|
|
|a e-uk-en
|
| 045 |
|
|
|a x8x8
|
| 072 |
|
7 |
|a 821.111-3
|x Anglická próza, anglicky psaná
|2 Konspekt
|9 25
|
| 072 |
|
7 |
|a 929
|x Biografie
|2 Konspekt
|9 8
|
| 080 |
|
|
|a 821.111-31
|2 MRF
|
| 080 |
|
|
|a 647.255
|2 MRF
|
| 080 |
|
|
|a 929
|2 MRF
|
| 080 |
|
|
|a (410.1)
|2 MRF
|
| 080 |
|
|
|a (0:82-312.6)
|2 MRF
|
| 080 |
|
|
|a (0:82-6)
|2 MRF
|
| 100 |
1 |
|
|a Stibbe, Nina
|7 xx0196025
|4 aut
|
| 240 |
1 |
0 |
|a Love, Nina.
|l Česky
|
| 245 |
1 |
0 |
|a S láskou, Nina :
|b au-pair píše domů /
|c Nina Stibbeová ; z anglického originálu Love, Nina ... přeložila Olga Neumanová
|
| 264 |
|
1 |
|a Praha :
|b XYZ,
|c 2018
|
| 300 |
|
|
|a 385 stran ;
|c 21 cm
|
| 336 |
|
|
|a text
|b txt
|2 rdacontent
|
| 337 |
|
|
|a bez média
|b n
|2 rdamedia
|
| 338 |
|
|
|a svazek
|b nc
|2 rdacarrier
|
| 600 |
1 |
7 |
|a Stibbe, Nina
|7 xx0196025
|2 czenas
|
| 648 |
|
4 |
|a 1982-1987
|
| 648 |
|
7 |
|a 20. století
|7 ch460558
|2 czenas
|
| 650 |
0 |
7 |
|a au-pair
|7 ph118664
|z Anglie
|y 20. století
|2 czenas
|
| 650 |
0 |
9 |
|a au-pair
|z England
|y 20th century
|2 eczenas
|
| 651 |
|
7 |
|a Londýn (Anglie)
|7 ge129867
|2 czenas
|
| 651 |
|
7 |
|a Leicester (Anglie)
|7 ge391168
|2 czenas
|
| 651 |
|
9 |
|a London (England)
|2 eczenas
|
| 651 |
|
9 |
|a Leicester (England)
|2 eczenas
|
| 655 |
|
7 |
|a anglické romány
|7 fd131814
|2 czenas
|
| 655 |
|
7 |
|a autobiografické romány
|7 fd131852
|2 czenas
|
| 655 |
|
7 |
|a korespondence
|7 fd132681
|2 czenas
|
| 655 |
|
9 |
|a English fiction
|2 eczenas
|
| 655 |
|
9 |
|a autobiographical novels
|2 eczenas
|
| 655 |
|
9 |
|a correspondence
|2 eczenas
|
| 700 |
1 |
|
|a Engelthaler Neumanová, Olga,
|d 1980-
|7 xx0039612
|4 trl
|
| 910 |
2 |
|
|a BOA001
|b 2-1411.938
|
| 928 |
9 |
|
|a Albatros Media - XYZ
|
| 990 |
|
|
|a BK
|
| 995 |
|
|
|a 01
|
| 991 |
|
|
|b 201810
|c NOV
|
| 996 |
6 |
|
|b 2610754963
|c 2-1411.938
|l MZK
|r Sklad / do 1 hodiny
|n 0
|p p.v.
|w 001687200
|u 000010
|a 1
|e BOA001
|j MZK50
|s P
|